00548nam a2200169Ia 4500001000700000003000500007008004100012010001100053040000900064100002000073245006500093260004400158300002200202502009000224650003500314650002900349Z_1374CHAP220113s1983 xx 000 0 und d a164463 cCHAP aHarmon, David L aD(-)lactate metabolism in beef cattle /cby David L. Harmon aLincoln, Nebraska :bThe author,c1983 a137 h. ; gráfs. aThesis (Doctor of philosophy) -- University of Nebraska. Department of Animal Science aGanado de carnexMejoramiento  aMetabolismo en rumiantes